Los 34 países con nombres más cortos - Estadísticas

Estadísticas generales
  • Esta prueba ha sido intentada 104 veces
    78 desde el último reinicio
  • La puntuación promedio es 26 de 34
Estadísticas de respuestas
Número de letras País % Correcto
5 Japón
97%
4 Perú
95%
4 Irak
88%
4 Irán
88%
4 Omán
88%
5 Chile
87%
4 Cuba
85%
4 Laos
85%
5 Yemen
85%
5 China
83%
4 Togo
83%
5 Haití
82%
4 Malí
82%
4 Chad
80%
5 India
80%
5 Benín
77%
5 Rusia
77%
5 Malta
75%
5 Siria
75%
5 Catar
73%
4 Fiyi
73%
5 Sudán
73%
5 Túnez
73%
5 Ghana
72%
5 Tonga
72%
5 Kenia
70%
5 Nepal
70%
5 Bután
68%
5 Níger
68%
5 Suiza
68%
5 Libia
67%
5 Nauru
67%
5 Samoa
67%
5 Gabón
52%
No se encontraron pruebas coincidentes
Distribución de puntuación
Porcentaje de gente con cada puntuación
Porcentaje por número respondido
Historial de tus puntuaciones
No has intentado esta prueba desde el último reinicio